Văn hóa người Chăm H'roi ở huyện Vân Canh tỉnh Bình Định
Quyển sách là một trong những ấn phẩm của hội văn nghệ dân gian Việt Nam đã sưu tầm, nghiên cứu những giá trị văn hóa truyền thống của dân tộc gồm 2 chương: Thiên nhiên và con người Chăm H'roi ở huyện Vân Canh; Văn hóa người Chăm H...
Gardado en:
| Autor Principal: | |
|---|---|
| Formato: | Libro |
| Idioma: | Undetermined |
| Publicado: |
Hà Nội
Văn hóa dân tộc
2011
|
| Những chủ đề: | |
| Các nhãn: |
Engadir etiqueta
Sen Etiquetas, Sexa o primeiro en etiquetar este rexistro!
|
| Thư viện lưu trữ: | Trung tâm Học liệu Trường Đại học Cần Thơ |
|---|
| LEADER | 01081nam a2200205Ia 4500 | ||
|---|---|---|---|
| 001 | CTU_174120 | ||
| 008 | 210402s9999 xx 000 0 und d | ||
| 082 | |a 305.899 | ||
| 082 | |b T205 | ||
| 100 | |a Đoàn, Văn Téo | ||
| 245 | 0 | |a Văn hóa người Chăm H'roi ở huyện Vân Canh tỉnh Bình Định | |
| 245 | 0 | |c Nguyễn Xuân Nhân, Đoàn Văn Téo | |
| 260 | |a Hà Nội | ||
| 260 | |b Văn hóa dân tộc | ||
| 260 | |c 2011 | ||
| 520 | |a Quyển sách là một trong những ấn phẩm của hội văn nghệ dân gian Việt Nam đã sưu tầm, nghiên cứu những giá trị văn hóa truyền thống của dân tộc gồm 2 chương: Thiên nhiên và con người Chăm H'roi ở huyện Vân Canh; Văn hóa người Chăm H'roi Vân canh. Để giới thiệu cùng bạn đọc. | ||
| 650 | |a Cham (Southeast Asian people) | ||
| 650 | |z Vietnam,Binh Dinh (province) | ||
| 904 | |i Tuyến | ||
| 980 | |a Trung tâm Học liệu Trường Đại học Cần Thơ | ||